000 00651nam a2200253Ia 4500
003 OSt
005 20220918223912.0
006 a|||||r|||| 00| 0
007 ta
008 220917b |||||||| |||| 00| 0 eng d
024 _a225,567
037 _cTextual
040 _aARTS
_cARTS
_beng
041 _2eng
_aeng
082 _aR:(S:4), P3(RD)
100 _aCrane Tim
_9146840
245 0 _aMechanical mind
_b A philosophical mind
250 _a2nd
260 _aLondon
_bRoutledge
_c2003
300 _axi, 259p.
_ccm.
650 _aPHILOSOPHY
942 _hR:(S:4), P3(RD)
_cTEXL
_2CC
999 _c279704
_d279704